000 00369nam a2200145Ia 4500
005 20251222144905.0
008 251222s9999||||xx |||||||||||||| ||spa||
020 _a8479033339
082 _a616.026/D71/T.I
100 _aDiaz-Rubio, M.
245 0 _aTratado de Medicina Interna
250 _a1ra. ed.
264 _bEditorial Médica Panamericana, S.A.
942 _cLIB
999 _c22144
_d22144